| 000 | 00591nab#a2200193#c#4500 | ||
|---|---|---|---|
| 999 |
_c53394 _d53394 |
||
| 003 | IEF | ||
| 005 | 20191205183140.0 | ||
| 008 | 950704s1975 uuu|| #####0 b| |u | ||
| 040 |
_aIEF _cES-MaIEF |
||
| 100 | 1 |
_aGarcía Añoveros, Jaime _917198 |
|
| 245 |
_aSugerencias para un planteamiento general de un sistema de Haciendas Locales en España _c Jaime García Añoveros |
||
| 260 | _c1975 | ||
| 650 | 4 |
_aESPAÑA _941092 |
|
| 650 | 4 |
_aHACIENDAS LOCALES _945217 |
|
| 773 | 0 |
_tHacienda Pública Española _w34570 _gn. 35, 1975;pags. 201-221 |
|
| 942 | _2udc | ||
| 942 | _2udc | ||